Coastal fishes of Southern Japan

Wedi'i Gadw mewn:
Manylion Llyfryddiaeth
Prif Awdur: Masuda, H.
Fformat: Llyfr
Iaith:Undetermined
Cyhoeddwyd: Tokyo Tokai University Press 1975
Pynciau:
Tagiau: Ychwanegu Tag
Dim Tagiau, Byddwch y cyntaf i dagio'r cofnod hwn!
Thư viện lưu trữ: Trung tâm Học liệu Trường Đại học Cần Thơ
LEADER 00480nam a2200181Ia 4500
001 CTU_126851
008 210402s9999 xx 000 0 und d
082 |a 639.32 
082 |b M424 
100 |a Masuda, H. 
245 0 |a Coastal fishes of Southern Japan 
245 0 |c H. Masuda, C. Araga, T. Yoshino 
260 |a Tokyo 
260 |b Tokai University Press 
260 |c 1975 
650 |a Fishes 
904 |i Giang 
980 |a Trung tâm Học liệu Trường Đại học Cần Thơ